| 000 | 00485nam a22001457a 4500 | ||
|---|---|---|---|
| 003 | OSt | ||
| 005 | 20241022152755.0 | ||
| 008 | 241022b |||||||| |||| 00| 0 eng d | ||
| 040 | _c0 | ||
| 082 | _aDPer050 M72 January-March 2018 v. 66 no. 8-10 | ||
| 245 | _aSeameo innotech develops a resource kit for teachers on career preparation / | ||
| 260 |
_aManila, Philippines ; _bIn the Grade School, Inc, _cSeptember 2018. |
||
| 300 |
_aVolume 66,page 130, _billustration. |
||
| 942 |
_2ddc _cPER |
||
| 999 |
_c22824 _d22824 |
||